00822 a2200217 4500010001400000020001100014035001300025037001800038082000800056090001500064100002200079245007900101260004300180270015200223300002400375700001700399700002200416942002300438999001500461952012800476 aENG-85175 c125.00 aEN-68708 bD.B.Act / Pub14a332 c1572d15721 aAppannaiah, H. R.1 aFinancial servicescby H. R. Appannaiah, P. N. Reddy and N. Mukund Sharma aDelhibHimalaya Publishing Housec2007 aPooja Apartment, 4-B, Murari Lal Street, Ansari Road, Darya GanjbNew Delhie110 002k011-23270392,l011-23243030, 011-23256286mhimpub@vsnl.net.in a189p.b24 cm (Pbk.) aReddy, P. N. aSharma, N. Mukund adplcENk332 / APP c1546d1546 00102ddc40718NFICaDBADbDBADeDBAD/PUBg125.00l0o332pEN-68708r2008-09-15 00:00:00t1u1624v125.00w2008-09-15yEN